LEADER 05601nam 2200757Ia 450 001 9910782209703321 005 20230120005654.0 010 $a1-282-71135-0 010 $a9786612711350 010 $a0-08-092102-7 035 $a(CKB)1000000000550003 035 $a(EBL)380972 035 $a(OCoLC)476210794 035 $a(SSID)ssj0000209759 035 $a(PQKBManifestationID)12059472 035 $a(PQKBTitleCode)TC0000209759 035 $a(PQKBWorkID)10267405 035 $a(PQKB)11389874 035 $a(MiAaPQ)EBC380972 035 $a(EXLCZ)991000000000550003 100 $a20080801d2009 uy 0 101 0 $aeng 135 $aur|n|---||||| 181 $ctxt 182 $cc 183 $acr 200 04$aThe neurology of consciousness$b[electronic resource] $ecognitive neuroscience and neuropathology /$fedited by Steven Laureys and Giulio Tononi 205 $a1st ed. 210 $aAmsterdam ;$aBoston ;$aLondon $cAcademic$d2009 215 $a1 online resource (438 p.) 300 $aDescription based upon print version of record. 311 $a0-12-374168-8 320 $aIncludes bibliographical references and index. 327 $aFront Cover; The Neurology of Consciousness: Cognitive Neuroscience and Neuropathology; Copyright Page; Contents; Preface; Prologue; List of Contributors; Section I: Basics; Chapter 1. Consciousness: An Overview of the Phenomenon and of Its Possible Neural Basis; DEFINING CONSCIOUSNESS; VARIETIES OF CONSCIOUSNESS; THE NEURAL BASIS OF CONSCIOUSNESS; AN EVOLUTIONARY PERSPECTIVE; REFERENCES; Chapter 2. The Neurological Examination of Consciousness; INTRODUCTION; THE NEUROLOGICAL EXAMINATION; CONSCIOUSNESS; STATES OF IMPAIRED CONSCIOUSNESS 327 $aNEUROLOGICAL EXAMINATION IN CLASSIC STATES OF IMPAIRED CONSCIOUSNESSNEUROLOGICAL EXAMINATION IN OTHER STATES OF IMPAIRED CONSCIOUSNESS; STATES RESEMBLING IMPAIRED CONSCIOUSNESS; SUMMARY AND CONCLUSIONS; ACKNOWLEDGEMENTS; REFERENCES; Chapter 3. Functional Neuroimaging; POSITRON EMISSION TOMOGRAPHY; SINGLE PHOTON EMISSION COMPUTED TOMOGRAPHY; FUNCTIONAL MAGNETIC RESONANCE IMAGING; ELECTROENCEPHALOGRAPHY; EVOKED POTENTIALS; MAGNETOENCEPHALOGRAPHY; TRANSCRANIAL MAGNETIC STIMULATION; MAGNETIC RESONANCE SPECTROSCOPY; FUNCTIONAL NEUROIMAGING STUDY DESIGN; ANALYSING BRAIN IMAGING DATA 327 $aMULTI-MODALITY AND REAL-TIME INTEGRATIONACKNOWLEDGEMENTS; REFERENCES; Chapter 4. Consciousness and Neuronal Synchronization; TWO REPRESENTATIONAL STRATEGIES; THE SIGNATURE OF DISTRIBUTED CODES; EXPERIMENTAL EVIDENCE FOR GROUPING BY SYNCHRONY; RESPONSE SYNCHRONIZATION AND BEHAVIOURAL STATES; PERCEPTION AND RESPONSE SYNCHRONIZATION; THE GENERALITY OF SYNCHRONICITY; SYNCHRONIZED GAMMA OSCILLATIONS AND CONSCIOUS PERCEPTION; AN ATTEMPT OF SYNTHESIS; REFERENCES; Chapter 5. Neural Correlates of Visual Consciousness; BRAIN ACTIVITY ASSOCIATED WITH VISUAL STIMULI THAT DO NOT REACH AWARENESS 327 $aUNPROMPTED (INVOLUNTARY) CHANGES IN THE CONTENTS OF VISUAL AWARENESSDELIBERATE CHANGES TO THE CONTENTS OF VISUAL AWARENESS; NECESSARY AND SUFFICIENT CORRELATES OF CONSCIOUSNESS; OVERALL SUMMARY AND FUTURE DIRECTIONS; ACKNOWLEDGEMENT; REFERENCES; Chapter 6. The Relationship Between Consciousness and Attention; INTRODUCTION; FUNCTIONAL CONSIDERATIONS; THE FOUR-FOLD WAY OF PROCESSING VISUAL EVENTS AND BEHAVIOURS; ATTENTION WITHOUT CONSCIOUSNESS; CONSCIOUSNESS IN THE ABSENCE OF ATTENTION; PROCESSING WITHOUT TOP-DOWN ATTENTION AND CONSCIOUSNESS; ATTENTION AND CONSCIOUSNESS CAN OPPOSE EACH OTHER 327 $aPHYSIOLOGICAL TECHNIQUES THAT DEMONSTRATE DISSOCIATIONS BETWEEN ATTENTION AND CONSCIOUSNESSRELATIONSHIP TO OTHER CONCEPTUAL DISTINCTIONS; NEURONAL SUBSTRATE TO CONSCIOUSNESS WITHOUT ATTENTION; DO THESE CONCLUSIONS HOLD FOR REAL LIFE?; QUESTIONS FOR FURTHER RESEARCH; ACKNOWLEDGEMENTS; REFERENCES; Section II: Waking, Sleep and Anaesthesia; Chapter 7. Intrinsic Brain Activity and Consciousness; BACKGROUND; BRAIN IMAGING; ACTIVITY DECREASES; 'NOISE' IN THE FMRI BOLD SIGNAL; A CONCEPTUAL FRAMEWORK; FUTURE QUESTIONS; REFERENCES; Chapter 8. Sleep and Dreaming; SLEEP STAGES AND CYCLES 327 $aBRAIN CENTRES REGULATING WAKEFULNESS AND SLEEP 330 $aUnderstanding consciousness is the major unsolved problem in biology. One increasingly important method of studying consciousness is to study disorders of consciousness, e.g. brain damage and disease states leading to vegetative states, coma, minimally conscious states, etc. Many of these studies are very much in the public eye because of their relationship to controversies about coma patients (e.g. Terry Schiavo case in the US recently), and the relationship to one of the major philosophical, sociological, political, and religious questions of humankind.This is the first book to summarize 606 $aBrain damage 606 $aCognitive neuroscience 606 $aConsciousness 606 $aLoss of consciousness 606 $aNeurology 615 0$aBrain damage. 615 0$aCognitive neuroscience. 615 0$aConsciousness. 615 0$aLoss of consciousness. 615 0$aNeurology. 676 $a153 676 $a612.8233 686 $a77.50$2bcl 686 $aCZ 1300$2rvk 686 $aER 810$2rvk 686 $aWW 2200$2rvk 686 $aYH 3600$2rvk 701 $aLaureys$b Steven$01544594 701 $aTononi$b Giulio$0149780 801 0$bMiAaPQ 801 1$bMiAaPQ 801 2$bMiAaPQ 906 $aBOOK 912 $a9910782209703321 996 $aThe neurology of consciousness$93798965 997 $aUNINA LEADER 03984nam 2200757Ia 450 001 9910962763503321 005 20251117002744.0 010 $a9786612195587 010 $a9783110201879 010 $a9781282195585 010 $a1282195581 010 $a9783119166089 010 $a3119166081 010 $a9783110201871 010 $a3110201879 024 7 $a10.1515/9783110201871 035 $a(CKB)1000000000689131 035 $a(EBL)325642 035 $a(OCoLC)476123678 035 $a(SSID)ssj0000182214 035 $a(PQKBManifestationID)11181798 035 $a(PQKBTitleCode)TC0000182214 035 $a(PQKBWorkID)10171581 035 $a(PQKB)11593689 035 $a(DE-B1597)32944 035 $a(OCoLC)741344584 035 $a(OCoLC)853255288 035 $a(DE-B1597)9783110201871 035 $a(Au-PeEL)EBL325642 035 $a(CaPaEBR)ebr10199650 035 $a(CaONFJC)MIL219558 035 $a(CaSebORM)9783110190960 035 $a(MiAaPQ)EBC325642 035 $a(Perlego)1156667 035 $a(EXLCZ)991000000000689131 100 $a20061222d2006 uy 0 101 0 $ager 135 $aur|n|---||||| 181 $ctxt 182 $cc 183 $acr 200 10$aIntonation deutscher Regionalsprachen /$fJorg Peters 205 $a1st ed. 210 $aBerlin ;$aNew York $cW. De Gruyter$dc2006 215 $a1 online resource (524 p.) 225 1 $aLinguistik, Impulse & Tendenzen,$x1612-8702 ;$v21 300 $aOriginally presented as the author's Habilitationsschrift--Universitat Potsdam, 2005. 311 08$a9783110190960 311 08$a3110190966 320 $aIncludes bibliographical references and index. 327 $t Frontmatter -- $tInhaltsverzeichnis -- $t1 Einleitung -- $tA. Grundlagen -- $t2 Historischer Rückblick -- $t3 Phonetik und Phonologie der Intonation -- $t4 Intonatorische Variation -- $tB. Phonologische Analysen -- $t5 Referenzanalyse: Nördliches Standarddeutsch -- $t6 Hamburg -- $t7 Berlin -- $t8 Köln -- $t9 Duisburg -- $t10 Mannheim -- $t11 Freiburg -- $t12 Synopse -- $t Backmatter 330 $aDie Lautgeographie gehört zu den erfolgreichsten Gebieten der klassischen Dialektologie. Zur regionalen Variation der Intonation hingegen liegen bis heute kaum substantielle Ergebnisse vor. Einer der Gründe hierfür dürfte sein, dass für die Identifikation intonatorischer Systeme ganz andere Abstraktionsleistungen erforderlich sind als die, die wir bei der Identifikation eines Lautsystems vollziehen und teilweise bereits im Rahmen des Schrifterwerbs erlernen. Die vorliegende Studie zeigt, dass wir heute aufgrund neuerer Entwicklungen in der Intonationsforschung, insbesondere im Rahmen der Autosegmental-Metrischen Phonologie, in einer besseren Lage sind als je zuvor, um die Forschungslücke, die uns die klassische Dialektologie hinterlassen hat, zu füllen. Zu diesem Zweck werden die Intonationssysteme von sechs städtischen Regionalsprachen des Deutschen miteinander verglichen. Als Datengrundlage dienen natürlichsprachliche Korpora aus den Städten Hamburg, Berlin, Duisburg, Köln, Mannheim und Freiburg. Zu den wichtigsten Ergebnissen der Untersuchung zählt, dass die von Eduard Sievers zu Beginn des 20. Jahrhunderts angenommene melodische Zweiteilung des deutschen Sprachraums zumindest teilweise bestätigt werden kann. Die Audio-CD-ROM mit einem großen Korpus an Sprachaufnahmen bietet die Möglichkeit des Nachvollzugs aller Thesen dieser Pionierarbeit. 410 0$aLinguistik, Impulse & Tendenzen ;$v21. 606 $aGerman language$xDialects 606 $aGerman language$xIntonation 615 0$aGerman language$xDialects. 615 0$aGerman language$xIntonation. 676 $a431.6 700 $aPeters$b Jo?rg$0387246 801 0$bMiAaPQ 801 1$bMiAaPQ 801 2$bMiAaPQ 906 $aBOOK 912 $a9910962763503321 996 $aIntonation deutscher Regionalsprachen$94351606 997 $aUNINA